Study on environmental impacts assessment for po pi deum irrigation system rehabilitation project in mongkol borei district, banteay meanchey province, ការសិក្សាពីផលប៉ះពាល់បរិស្ថានរបស់គំរោងស្តារឡើងវិញនូវប្រព័ន្ធស្រោចស្រពពោិ៍ពីដើមក្នុងស្រុកមង្គលបុរី ខេត្តបន្ទាយមានជ័យ (Record no. 4300)

000 -LEADER
fixed length control field 00843nam a22001337a 4500
040 ## - CATALOGING SOURCE
Transcribing agency RUA
082 ## - DEWEY DECIMAL CLASSIFICATION NUMBER
Classification number ATM VEN 2010 B198 Or.1
100 ## - MAIN ENTRY--AUTHOR NAME
Personal name VEN, VANNY
245 ## - TITLE STATEMENT
Title Study on environmental impacts assessment for po pi deum irrigation system rehabilitation project in mongkol borei district, banteay meanchey province, ការសិក្សាពីផលប៉ះពាល់បរិស្ថានរបស់គំរោងស្តារឡើងវិញនូវប្រព័ន្ធស្រោចស្រពពោិ៍ពីដើមក្នុងស្រុកមង្គលបុរី ខេត្តបន្ទាយមានជ័យ
260 ## - PUBLICATION, DISTRIBUTION, ETC. (IMPRINT)
Place of publication Phnom Penh
Name of publisher RUA
Year of publication 2010
300 ## - PHYSICAL DESCRIPTION
Number of Pages ix, 43p.
Other physical details ill.
Dimensions 29cm.
856 ## - ELECTRONIC LOCATION AND ACCESS
Uniform Resource Identifier https://drive.google.com/file/d/1I1AO430er44tq7yfbN3cd3fCn-PC6He4/view?usp=sharing
942 ## - ADDED ENTRY ELEMENTS (KOHA)
Koha item type ATM
952 ## - LOCATION AND ITEM INFORMATION (KOHA)
Withdrawn status [LOCAL, KOHA] 0
952 ## - LOCATION AND ITEM INFORMATION (KOHA)
Withdrawn status [LOCAL, KOHA] 0
952 ## - LOCATION AND ITEM INFORMATION (KOHA)
Withdrawn status [LOCAL, KOHA] 0
952 ## - LOCATION AND ITEM INFORMATION (KOHA)
Withdrawn status [LOCAL, KOHA] 0
952 ## - LOCATION AND ITEM INFORMATION (KOHA)
Withdrawn status [LOCAL, KOHA] 0
952 ## - LOCATION AND ITEM INFORMATION (KOHA)
Withdrawn status [LOCAL, KOHA] 0
952 ## - LOCATION AND ITEM INFORMATION (KOHA)
Withdrawn status [LOCAL, KOHA] 0
Holdings
Koha item type Barcode Lost status Permanent Location Current Location Date acquired Full call number
ATMRUA44381 Library Block BLibrary Block B2015-12-09ATM VEN 2010 B198 Or.1
ATMRUA40969 Library Block BLibrary Block B2015-12-09ATM VEN 2010 B198 Or.2
ATMRUA018352 Library Block BLibrary Block B2015-12-09ATM VEN 2010 B198 Or.3
ATMRUA018061 Library Block BLibrary Block B2015-12-09ATM VEN 2010 B198 Or.4
ATMRUA018362 Library Block BLibrary Block B2015-12-09ATM VEN 2010 B198 Or.5
ATMRUA018290 Library Block BLibrary Block B2015-12-09ATM VEN 2010 B198 Or.6
ATMRUA018492 Library Block BLibrary Block B2015-12-09ATM VEN 2010 B198 Or.7
មជ្ឈមណ្ឌលឯការនៃសាកលវិទ្យាល័យភូមិន្ទកសិកម្មចំការដូង

Powered by Koha